00608nam a2200205Ia 450000500170000000800410001702000180005804000180007604100080009408200220010210000220012424500740014625000120022026000560023230000250028865000260031365000190033965000220035870000220038020221121145107.0210716s2018 xx 000 0 und d a9789386070913 cAIMIT LIBRARY aeng a621.395 25bCHOD aChoudhury, D Roy. aLinear integrated circuits /cBy D Roy Choudhury and Shail Bala Jain. a5th ed. aNew Delhi :bNew Age International Pvt Ltd ,c2018. axii,440p. ;c23.5 cm aOperational amplifier aActive filters aVoltage regulator aJain, Shail Bala.